Fierce Females Quiz Stats

 Plays Quiz Updated Mar 8, 2017

Support Sporcle.
Go Orange.
Score 0/25 Timer 06:00
3 Plays Today
% Correct
Princess Leia Organa (Star Wars)
94.5%
Princess Fiona (Shrek)
94.2%
Mulan (Mulan)
91.4%
Elastigirl (The Incredibles)
85%
Lara Croft (Lara Croft: Tomb Raider)
84.8%
Elizabeth Swann (Pirates of the Caribbean)
81.4%
Katniss Everdeen (The Hunger Games)
81.2%
Neytiri (Avatar)
81.1%
The Bride (Kill Bill)
79%
Princess Merida (Brave)
75.2%
Black Widow (The Avengers)
68.8%
Trinity (The Matrix)
65.8%
Ellen Ripley (Aliens)
61.9%
% Correct
Lisbeth Salander (The Girl with the Dragon Tattoo)
58.2%
Velma Kelly (Chicago)
54.2%
Marge Gunderson (Fargo)
52.2%
Sarah Connor (Terminator 2)
51.2%
Leeloo (The Fifth Element)
47.2%
Jen Yu (Crouching Tiger Hidden Dragon)
45.6%
Selene (Underworld)
44.4%
Mathilda (Léon: The Professional)
29.2%
Elizabeth Shaw (Prometheus)
25.9%
Red Sonja (Red Sonja)
25.8%
Buffy Summers (Buffy the Vampire Slayer)
19.4%
River Tam (Serenity)
16.1%

You're not logged in!

Compare scores with friends on all Sporcle quizzes.
OR
Log In
Forgot?

From the Vault

Musicians' Cameos

by WillieG

Good thing these are just cameos, we're not sure we could handle much more bad acting.
Remove Ads.
Support Sporcle.
Get the best of Sporcle when you Go Orange. This ad-free experience offers more features, more stats, and more fun while also helping to support Sporcle. Thank you for becoming a member.

Show Comments

Extras

Top Quizzes Today


Score Distribution

Your Account Isn't Verified!

In order to create a playlist on Sporcle, you need to verify the email address you used during registration. Go to your Sporcle Settings to finish the process.

Report this User

Report this user for behavior that violates our Community Guidelines.

Details: